000
00325nam a22001457a 4500
008
210315b ||||| |||| 00| 0 eng d
020
_a
9780534258726
041
_a
eng
080
_2
2nd
_a
82
082
_a
82
100
_a
21
101
_a
GJL
245
_a
Implementing Mastery Learning
_c
Guskey, TH. R
942
_2
udc
_c
BK
999
_c
56614
_d
56614